000 00718nam a22002297a 4500
003 UA-OsUOA
001 48573
007 ta
008 20130605b un ||||| |||| 00| 0 ukr d
090 _a01
_bС32
942 _cBK
040 _aUA-OsUOA
_bukr
_cUA-OsUOA
_dUA-OsUOA
245 _aСергій Білокінь: бібліографічний покажчик
_cупор. О. Кузьменко
300 _a65 с.
955 _a1
041 _aukr
080 _a01
260 _aК.
_c1989
650 7 _a01 Бібліографія і бібліографії. Каталоги
_2UDC
999 _c428676
_d428676